| 000 | 01396nam1a22003131 4500 | ||
|---|---|---|---|
| 001 | v19\rc\1426558 | ||
| 005 | 20251118181641.4 | ||
| 035 | _a(NLR Aleph) 005212842 | ||
| 090 |
_a5426557 _c5426557 |
||
| 100 | _a20060620d1849 |||y0rusy50 ca | ||
| 101 | 0 | _arus | |
| 102 | _aRU | ||
| 105 | _ay z ||||| | ||
| 200 | 1 |
_aБеседы на Евангелие, говоренные Святейшего Правительствующего Синода членом Филаретом, митрополитом Киевским и Галицким, Киево-Печерской лавры священноархимандритом и разных орденов кавалером _e[В 2 т.]. Т. 1-2 |
|
| 210 |
_aКиев _cтип. Киево-Печ. лавры _d1849 |
||
| 215 |
_a2 т. _d21 |
||
| 700 | 0 |
_aФиларет _cАмфитеатров, Федор Георгиевич _cмитрополит Киевский и Галицкий _f1779-1857 _3RU\NLR\AUTH\7710707 _7ca |
|
| 790 | 1 |
_aАмфитеатров _bФ. Г. _f1779-1857 _gФедор Георгиевич |
|
| 801 | 0 |
_aRU _bNLR _gpsbo |
|
| 801 | 0 |
_aRU _bRuMoRGB _2psbo |
|
| 801 | 1 |
_aRU _bProSoft-M _2rusmarc |
|
| 801 | 2 |
_aRU _bNLR _c20070409 _2rusmarc |
|
| 852 |
_aNLR _j18.83.5.1 |
||
| 852 |
_aNLR _j+Шифры разные |
||
| 899 |
_aRuMoRGB _jF 1/124 |
||
| 899 |
_aБАН _y(2) |
||
| 899 |
_aГПИБ _y(2) |
||
| 942 | _cBOOK | ||
| 980 | _aNB | ||